000 00389nam a22001697a 4500
005 20180618121402.0
008 160531b xxu||||| |||| 00| 0 eng d
020 _a81-297-0152-9
041 _aeng
082 _b6417
_a658
100 _aCerto, Samuel C.
_91602
245 _aModern Management
260 _bPearsons
_c2003
300 _a541
650 _aManagement
_9241
942 _cBK
999 _c2261
_d2260